[Event "GRE-chT 46th"]
[Site "Rio Achaia"]
[Date "2018.07.10"]
[Round "1.2"]
[White "Papakonstantinou, Dimitrios"]
[Black "Papadopoulos, Ioannis K"]
[Result "1-0"]
[WhiteElo "2336"]
[BlackElo "2410"]
[PlyCount "63"]
[EventDate "2018.07.10"]
[EventType "team"]
[EventRounds "7"]
[EventCountry "GRE"]
[SourceTitle "CBM 185 Extra"]
[Source "ChessBase"]
[SourceDate "2018.07.29"]
[SourceVersion "1"]
[SourceVersionDate "2018.07.29"]
[SourceQuality "1"]
[WhiteTeam "My Mountains"]
[BlackTeam "Kavalas"]
[WhiteTeamCountry "GRE"]
[BlackTeamCountry "GRE"]

1. e4 c5 2. Nf3 Nc6 3. d4 cxd4 4. Nxd4 Nf6 5. Nc3 e5 6. Ndb5 d6 7. Bg5 a6 8. Na3 b5 9. Bxf6 gxf6 10. Nd5 f5 11. c3 Bg7 12. Bd3 Be6 13. Nxb5 axb5 14. Bxb5 Bd7 15. exf5 0-0 16. Qg4 Rc8 17. 0-0 Re8 18. Rfe1 e4 19. Bxc6 Rxc6 20. Rxe4 Re5 21. Rxe5 dxe5 22. Rd1 Rd6 23. c4 h6 24. b4 Bc8 25. h3 Kf8 26. a4 Qd7 27. a5 Qa4 28. Kh2 Rg6 29. Qh4 Rg5 30. Nc3 Qc2 31. f6 Bxf6 32. Qxh6+ 1-0

[Event "GRE-chT 44th"]
[Site "Achaia"]
[Date "2016.07.09"]
[Round "6.4"]
[White "Velikov, Petar"]
[Black "Papadopoulos, Ioannis K"]
[Result "0-1"]
[WhiteElo "2407"]
[BlackElo "2410"]
[PlyCount "74"]
[EventDate "2016.07.05"]
[EventType "team-swiss"]
[EventRounds "7"]
[EventCountry "GRE"]
[SourceTitle "CBM 173 Extra"]
[Source "ChessBase"]
[SourceDate "2016.08.29"]
[SourceVersion "1"]
[SourceVersionDate "2016.08.29"]
[SourceQuality "1"]
[WhiteTeam "Corinth Argonaftis"]
[BlackTeam "Oreokastrou Marion"]
[WhiteTeamCountry "GRE"]
[BlackTeamCountry "GRE"]

1. c4 Nf6 2. g3 e6 3. Nf3 d5 4. Bg2 dxc4 5. Qa4+ c6 6. Qxc4 b5 7. Qc2 Bb7 8. 0-0 Be7 9. b3 Nbd7 10. Bb2 0-0 11. d3 c5 12. Nbd2 Nd5 13. Rac1 a5 14. Ne5 a4 15. Ne4 a3 16. Ba1 Rc8 17. Qd2 Nxe5 18. Bxe5 Qb6 19. e3 Rfd8 20. Qe2 Ba6 21. Rfd1 Bf8 22. g4 Nb4 23. Rd2 c4 24. dxc4 Rxd2 25. Qxd2 bxc4 26. bxc4 Rxc4 27. Rd1 Rc2 28. Qd7 Bb5 29. Bd4 Qb8 30. Ba7 Bxd7 31. Bxb8 Bb5 32. Bf3 Rc8 33. Bd6 Nxa2 34. Bxf8 Kxf8 35. Nd6 Ba4 36. Nxc8 Bxd1 37. Bxd1 Nc1 0-1

[Event "Hessen-ch U12"]
[Site "Bad Homburg"]
[Date "2015.04.03"]
[Round "8"]
[White "Papadopoulos, Ioannis K"]
[Black "Schwarz, Daniel"]
[Result "1-0"]
[WhiteElo "1640"]
[BlackElo "1478"]
[PlyCount "35"]
[EventDate "2015.03.30"]
[EventType "swiss"]
[EventRounds "9"]
[EventCountry "GER"]
[SourceTitle "EXT 2017"]
[Source "ChessBase"]
[SourceDate "2016.10.25"]
[SourceVersion "1"]
[SourceVersionDate "2016.10.25"]
[SourceQuality "1"]

1. e4 e5 2. Nf3 Nc6 3. d4 exd4 4. Bc4 Bc5 5. c3 Nf6 6. cxd4 Bb4+ 7. Nbd2 Nxe4 8. d5 Nxd2 9. Bxd2 Bxd2+ 10. Qxd2 Ne7 11. d6 cxd6 12. 0-0 0-0 13. Qxd6 b6 14. Ne5 Bb7 15. Rad1 Re8 16. Bxf7+ Kh8 17. Bxe8 Qxe8 18. Qxd7 1-0

[Event "Hessen-ch U12"]
[Site "Bad Homburg"]
[Date "2015.04.01"]
[Round "4"]
[White "Papadopoulos, Ioannis K"]
[Black "Woellenstein, Sebastian"]
[Result "1/2-1/2"]
[WhiteElo "1640"]
[BlackElo "1375"]
[PlyCount "24"]
[EventDate "2015.03.30"]
[EventType "swiss"]
[EventRounds "9"]
[EventCountry "GER"]
[SourceTitle "EXT 2017"]
[Source "ChessBase"]
[SourceDate "2016.10.25"]
[SourceVersion "1"]
[SourceVersionDate "2016.10.25"]
[SourceQuality "1"]

1. e4 c5 2. Nf3 d6 3. d4 cxd4 4. Nxd4 a6 5. Nc3 g6 6. Be3 Bg7 7. Qd2 Bd7 8. 0-0-0 Nc6 9. f3 Rc8 10. g4 Qa5 11. Kb1 Ne5 12. Be2 Nc4 1/2-1/2

[Event "GRE-chT 41st"]
[Site "Achaia"]
[Date "2013.07.04"]
[Round "4.1"]
[White "Lubbe, Nikolas"]
[Black "Papadopoulos, Ioannis K"]
[Result "1/2-1/2"]
[WhiteElo "2451"]
[BlackElo "2415"]
[PlyCount "90"]
[EventDate "2013.07.02"]
[EventType "team-swiss"]
[EventRounds "7"]
[EventCountry "GRE"]
[SourceTitle "CBM 155 Extra"]
[Source "ChessBase"]
[SourceDate "2013.08.26"]
[SourceVersion "1"]
[SourceVersionDate "2013.08.26"]
[SourceQuality "1"]
[WhiteTeam "Patron CN"]
[BlackTeam "Marion Thunder Oreokastrou"]
[WhiteTeamCountry "GRE"]
[BlackTeamCountry "GRE"]

1. e4 e5 2. Nf3 Nc6 3. Nc3 Nf6 4. a3 Be7 5. d4 exd4 6. Nxd4 0-0 7. Nxc6 bxc6 8. e5 Ne8 9. Bd3 f6 10. Qh5 g6 11. Qe2 fxe5 12. Qxe5 Bf6 13. Qe2 d5 14. 0-0 Ng7 15. Na4 Qd6 16. c4 Bd7 17. Qc2 Be5 18. h3 Bd4 19. Be3 Bxe3 20. fxe3 Qg3 21. Qd2 Bxh3 22. Rxf8+ Rxf8 23. Rf1 Rxf1+ 24. Bxf1 Nf5 25. cxd5 cxd5 26. Qxd5+ Kg7 27. Qd7+ Kh6 28. Qd2 Nxe3 29. Nc3 g5 30. Qf2 Qxf2+ 31. Kxf2 Nxf1 32. gxh3 Nd2 33. Nb5 Nc4 34. b3 Nd2 35. b4 Nc4 36. a4 Nb2 37. Nxa7 Nxa4 38. Nb5 c5 39. bxc5 Nxc5 40. Nd4 Kg6 41. Kf3 h5 42. Nc2 Nd3 43. Ne3 Kf6 44. Kg3 Ke5 45. h4 gxh4+ 1/2-1/2

[Event "GRE-chT 40th"]
[Site "Achaia"]
[Date "2012.07.04"]
[Round "6.8"]
[White "Mendrinos, Nikolaos"]
[Black "Papadopoulos, Ioannis K"]
[Result "0-1"]
[WhiteElo "2221"]
[BlackElo "2417"]
[PlyCount "102"]
[EventDate "2012.06.30"]
[EventType "team-swiss"]
[EventRounds "7"]
[EventCountry "GRE"]
[SourceTitle "CBM 149 Extra"]
[Source "ChessBase"]
[SourceDate "2012.08.24"]
[SourceVersion "1"]
[SourceVersionDate "2012.08.24"]
[SourceQuality "1"]
[WhiteTeam "Glyfadas Zenon"]
[BlackTeam "Orekastrou"]
[WhiteTeamCountry "GRE"]
[BlackTeamCountry "GRE"]

1. e4 c5 2. Nc3 a6 3. g3 b5 4. Bg2 Bb7 5. d3 e6 6. Nf3 b4 7. Ne2 d5 8. exd5 Bxd5 9. 0-0 Nf6 10. Nf4 Bb7 11. d4 Be7 12. dxc5 Qxd1 13. Rxd1 Bxc5 14. Nd3 Be7 15. Nfe5 Bxg2 16. Kxg2 Nd5 17. Nf4 Nxf4+ 18. Bxf4 0-0 19. Rd3 Rc8 20. Rc1 a5 21. c4 Ra7 22. Rcd1 Kf8 23. b3 Ke8 24. Nf3 Nc6 25. Nd4 Nxd4 26. Rxd4 a4 27. Bd6 Bf6 28. R4d3 axb3 29. axb3 Bc3 30. Bf4 Ra3 31. Rb1 Rd8 32. Rxd8+ Kxd8 33. Be3 e5 34. g4 Ke7 35. Kf3 Ke6 36. Ke4 f6 37. h3 g6 38. Bc1 Ra2 39. Be3 f5+ 40. gxf5+ gxf5+ 41. Kf3 f4 42. Bb6 Kf5 43. Kg2 e4 44. Kg1 Rd2 45. Rc1 Ke6 46. c5 Kd5 47. h4 e3 48. fxe3 fxe3 49. c6 e2 50. c7 Bd4+ 51. Bxd4 Rd1+ 0-1

[Event "Athens Acropolis op-A 24th"]
[Site "Chalkida"]
[Date "2009.08.17"]
[Round "8.29"]
[White "Stavrianakis, Ioannis"]
[Black "Papadopoulos, Ioannis K"]
[Result "0-1"]
[WhiteElo "2240"]
[BlackElo "2450"]
[PlyCount "112"]
[EventDate "2009.08.10"]
[EventType "swiss"]
[EventRounds "9"]
[EventCountry "GRE"]
[SourceTitle "CBM 131 Extra"]
[Source "ChessBase"]
[SourceDate "2009.09.03"]
[SourceVersion "2"]
[SourceVersionDate "2009.09.16"]
[SourceQuality "1"]

1. d4 Nf6 2. Bg5 e6 3. e4 c5 4. Nf3 cxd4 5. Bxf6 Qxf6 6. Qxd4 Qd8 7. c3 Nc6 8. Qd1 Bc5 9. Bd3 0-0 10. 0-0 d6 11. Qc2 e5 12. Nbd2 Bg4 13. h3 Bh5 14. Be2 Bg6 15. Rad1 Rc8 16. Qd3 Qe7 17. b4 Bb6 18. Nc4 Rfd8 19. b5 Na5 20. Nxb6 axb6 21. Qe3 Qc7 22. Nh4 Qc5 23. Nxg6 hxg6 24. Rc1 Qxe3 25. fxe3 Nc4 26. Rfe1 Kf8 27. Kf2 Ke7 28. Red1 Nb2 29. Rd2 Na4 30. c4 Ra8 31. Kf3 Nc5 32. Rc3 Ra4 33. Bd1 Rb4 34. Bb3 Ra8 35. Rd5 Ra3 36. Rc2 Nxb3 37. axb3 Rbxb3 38. Rcd2 Rxe3+ 39. Kf2 Rxe4 40. Rxd6 Rxc4 41. Rd7+ Kf6 42. Rxb7 Rf4+ 43. Kg1 Kg5 44. Rxb6 f5 45. Kh2 Ra1 46. g3 Rb4 47. h4+ Kh5 48. Kh3 Ra3 49. Kh2 Rab3 50. Rd8 g5 51. hxg5 Kg4 52. g6 Rb2+ 53. Kg1 R4b3 54. Rb7 Kxg3 55. Rd1 Rb1 56. Rbd7 Rxb5 0-1

[Event "Athens Acropolis op-A 24th"]
[Site "Chalkida"]
[Date "2009.08.11"]
[Round "2"]
[White "Gelashvili, Tamaz"]
[Black "Papadopoulos, Ioannis K"]
[Result "1/2-1/2"]
[WhiteElo "2605"]
[BlackElo "2450"]
[PlyCount "85"]
[EventDate "2009.08.10"]
[EventType "swiss"]
[EventRounds "9"]
[EventCountry "GRE"]
[SourceTitle "CBM 131 Extra"]
[Source "ChessBase"]
[SourceDate "2009.09.03"]
[SourceVersion "2"]
[SourceVersionDate "2009.09.16"]
[SourceQuality "1"]

1. d4 Nf6 2. Nf3 e6 3. e3 b6 4. Bd3 Bb7 5. 0-0 c5 6. c4 Be7 7. Nc3 cxd4 8. exd4 d6 9. d5 e5 10. Be3 Nbd7 11. Nd2 0-0 12. Qe2 Re8 13. b4 Bf8 14. Rab1 g6 15. g4 a5 16. a3 h6 17. f3 Qe7 18. Nde4 Nxe4 19. fxe4 axb4 20. axb4 Rec8 21. Ra1 Rxa1 22. Rxa1 Ra8 23. Rxa8 Bxa8 24. Qf2 Qd8 25. Na4 Be7 26. Kg2 Bg5 27. Bxb6 Nxb6 28. Nxb6 Bh4 29. Qe3 Bg5 30. Qg1 Bd2 31. Nxa8 Qxa8 32. c5 Bxb4 33. c6 Qa2+ 34. Qf2 Qxf2+ 35. Kxf2 Ba5 36. Ke2 g5 37. Bc2 Kf8 38. Kd3 Ke7 39. Kc4 Kd8 40. Kb5 Bc7 41. Ka6 Kc8 42. Ka7 Bd8 43. Bd3 1/2-1/2

[Event "Kavala op 18th"]
[Site "Kavala"]
[Date "2009.08.01"]
[Round "2"]
[White "Koneru, Humpy"]
[Black "Papadopoulos, Ioannis K"]
[Result "1-0"]
[WhiteElo "2623"]
[BlackElo "2450"]
[PlyCount "79"]
[EventDate "2009.08.01"]
[EventType "swiss"]
[EventRounds "9"]
[EventCountry "GRE"]
[SourceTitle "CBM 131 Extra"]
[Source "ChessBase"]
[SourceDate "2009.09.03"]
[SourceVersion "2"]
[SourceVersionDate "2009.09.16"]
[SourceQuality "1"]

1. d4 Nf6 2. c4 e6 3. Nf3 b6 4. g3 Ba6 5. Qa4 Bb7 6. Bg2 c5 7. dxc5 bxc5 8. 0-0 Be7 9. Nc3 0-0 10. Bf4 d6 11. Rfd1 Qb6 12. Rab1 Nbd7 13. b4 Bc6 14. b5 Bb7 15. Qc2 Rfd8 16. e4 e5 17. Bd2 Nf8 18. Nd5 Nxd5 19. cxd5 a6 20. Bf1 axb5 21. Bxb5 Qc7 22. Bc3 Nd7 23. a4 Rdb8 24. Qe2 Qc8 25. Nd2 Ba6 26. Nc4 Nb6 27. Nxb6 Rxb6 28. a5 Bxb5 29. Rxb5 Rba6 30. Rb6 Bd8 31. Rxa6 Qxa6 32. Qxa6 Rxa6 33. Kf1 Kf8 34. Ke2 c4 35. Rb1 Ra7 36. Rb5 f5 37. exf5 Ke8 38. Bb4 Kd7 39. Kd2 e4 40. Bc3 1-0

[Event "GRE-chT 37th"]
[Site "Kallithea"]
[Date "2009.07.06"]
[Round "6"]
[White "Papadopoulos, Ioannis K"]
[Black "Likavsky, Tomas"]
[Result "1/2-1/2"]
[WhiteElo "2450"]
[BlackElo "2484"]
[PlyCount "83"]
[EventDate "2009.07.03"]
[EventType "team-tourn"]
[EventRounds "9"]
[EventCountry "GRE"]
[SourceTitle "CBM 131 Extra"]
[Source "ChessBase"]
[SourceDate "2009.09.03"]
[SourceVersion "2"]
[SourceVersionDate "2009.09.16"]
[SourceQuality "1"]

1. e4 c5 2. Nf3 d6 3. d4 cxd4 4. Nxd4 Nf6 5. Nc3 Nc6 6. Bg5 e6 7. Qd2 Qb6 8. Bxf6 gxf6 9. Nb3 a6 10. 0-0-0 Bd7 11. f4 0-0-0 12. f5 Ne5 13. Be2 h5 14. Kb1 h4 15. g3 hxg3 16. hxg3 Be7 17. Qf4 Rxh1 18. Rxh1 Rg8 19. a4 Bd8 20. a5 Qa7 21. g4 Be8 22. Rd1 Qb8 23. Qh2 Qc7 24. Rh1 Qe7 25. Qg1 Nc6 26. Rh7 Qf8 27. fxe6 fxe6 28. Nd4 Nxd4 29. Qxd4 Rg7 30. Rxg7 Qxg7 31. Qc4+ Kd7 32. Qb3 Kc7 33. Qxe6 Bc6 34. Bc4 Qd7 35. b4 Qxe6 36. Bxe6 Be7 37. Bd5 Bd7 38. Ne2 Bxg4 39. Nd4 Bf8 40. c4 Bh6 41. Kc2 Be3 42. Kd3 1/2-1/2

[Event "EU-ch 10th"]
[Site "Budva"]
[Date "2009.03.17"]
[Round "11"]
[White "Papadopoulos, Ioannis K"]
[Black "Jankovic, Alojzije"]
[Result "0-1"]
[WhiteElo "2455"]
[BlackElo "2571"]
[PlyCount "75"]
[EventDate "2009.03.06"]
[EventType "swiss"]
[EventRounds "11"]
[EventCountry "MNE"]
[SourceTitle "CBM 130"]
[Source "ChessBase"]
[SourceDate "2009.05.20"]
[SourceVersion "1"]
[SourceVersionDate "2009.05.20"]
[SourceQuality "1"]

1. e4 c5 2. Nf3 Nc6 3. d4 cxd4 4. Nxd4 Nf6 5. Nc3 d6 6. Bg5 e6 7. Qd2 a6 8. 0-0-0 Bd7 9. f4 b5 10. Bxf6 gxf6 11. Kb1 Qb6 12. Nxc6 Bxc6 13. f5 Qc5 14. Bd3 h5 15. Qe1 b4 16. Ne2 e5 17. h4 Bh6 18. Rh3 Ke7 19. Ng3 Rag8 20. Qf1 Bf4 21. Qf3 Qe3 22. Qxe3 Bxe3 23. Be2 Bf2 24. Nh1 Rxg2 25. Bf3 Rhg8 26. Bxg2 Rxg2 27. Nxf2 Rxf2 28. Re3 Rh2 29. Rde1 Rxh4 30. a3 bxa3 31. b3 Rf4 32. Ka2 h4 33. Kxa3 h3 34. Rxh3 Bxe4 35. Rc3 Bxf5 36. Rc7+ Ke6 37. Rd1 Be4 38. Rd2 0-1

[Event "EU-ch 10th"]
[Site "Budva"]
[Date "2009.03.16"]
[Round "10"]
[White "Zolotukhin, Valery"]
[Black "Papadopoulos, Ioannis K"]
[Result "0-1"]
[WhiteElo "2358"]
[BlackElo "2455"]
[PlyCount "70"]
[EventDate "2009.03.06"]
[EventType "swiss"]
[EventRounds "11"]
[EventCountry "MNE"]
[SourceTitle "CBM 130"]
[Source "ChessBase"]
[SourceDate "2009.05.20"]
[SourceVersion "1"]
[SourceVersionDate "2009.05.20"]
[SourceQuality "1"]

1. e4 c5 2. Nf3 Nc6 3. d4 cxd4 4. Nxd4 Nf6 5. Nc3 e5 6. Ndb5 d6 7. Bg5 a6 8. Na3 b5 9. Nd5 Be7 10. Bxf6 Bxf6 11. c4 b4 12. Nc2 a5 13. Qf3 Be6 14. Rd1 a4 15. Ndxb4 Nxb4 16. Nxb4 Qb8 17. a3 0-0 18. Be2 Bd8 19. 0-0 Bb6 20. Qc3 Bc5 21. Kh1 Qb7 22. f4 exf4 23. e5 dxe5 24. Qxe5 Bxb4 25. axb4 Qxb4 26. Rxf4 Rab8 27. Bd3 Qxb2 28. Qe4 g6 29. Qe2 a3 30. Rf2 Qb3 31. Rf3 Rfd8 32. Rb1 Rxd3 33. Rxb3 Rdxb3 34. Rxb3 Rxb3 35. Qe4 Rb8 0-1

[Event "EU-ch 10th"]
[Site "Budva"]
[Date "2009.03.14"]
[Round "8"]
[White "Maze, Sebastien"]
[Black "Papadopoulos, Ioannis K"]
[Result "1-0"]
[WhiteElo "2579"]
[BlackElo "2455"]
[PlyCount "39"]
[EventDate "2009.03.06"]
[EventType "swiss"]
[EventRounds "11"]
[EventCountry "MNE"]
[SourceTitle "CBM 130"]
[Source "ChessBase"]
[SourceDate "2009.05.20"]
[SourceVersion "1"]
[SourceVersionDate "2009.05.20"]
[SourceQuality "1"]

1. e4 c5 2. Nf3 d6 3. d4 cxd4 4. Nxd4 Nf6 5. Nc3 a6 6. Bg5 e6 7. f4 Qb6 8. Nb3 Nbd7 9. Qf3 Qc7 10. a4 Be7 11. 0-0-0 b6 12. Bd3 Bb7 13. Rhe1 Rc8 14. Qh3 e5 15. g4 0-0 16. Rd2 h6 17. Bh4 exf4 18. g5 hxg5 19. Bxg5 Ne5 20. Nd4 1-0

[Event "EU-ch 10th"]
[Site "Budva"]
[Date "2009.03.11"]
[Round "6"]
[White "Maevsky, Nikolay"]
[Black "Papadopoulos, Ioannis K"]
[Result "0-1"]
[WhiteElo "2223"]
[BlackElo "2455"]
[PlyCount "168"]
[EventDate "2009.03.06"]
[EventType "swiss"]
[EventRounds "11"]
[EventCountry "MNE"]
[SourceTitle "CBM 130"]
[Source "ChessBase"]
[SourceDate "2009.05.20"]
[SourceVersion "1"]
[SourceVersionDate "2009.05.20"]
[SourceQuality "1"]

1. e4 c5 2. Ne2 Nc6 3. c4 e5 4. Nbc3 d6 5. d3 g6 6. g3 Bg7 7. Bg2 Nge7 8. 0-0 0-0 9. Nd5 Nxd5 10. exd5 Ne7 11. a3 a5 12. Nc3 f5 13. f4 Bd7 14. Be3 b6 15. Rb1 a4 16. Qd2 Kh8 17. Kh1 Ng8 18. b4 axb3 19. Rxb3 Ra6 20. Rfb1 Nf6 21. fxe5 dxe5 22. Bg5 Qc7 23. a4 Rb8 24. Qb2 h6 25. Bd2 Ng4 26. Nb5 Qd8 27. Bc3 f4 28. Nd6 Qf8 29. Ne4 fxg3 30. hxg3 Qf5 31. Kg1 Qh5 32. Bf3 Rf8 33. Qe2 Raa8 34. R1b2 Rxa4 35. Rxb6 Rxf3 36. Qxf3 Ra1+ 37. Rb1 Qh2+ 38. Kf1 Qc2 39. Qe2 Rxb1+ 40. Rxb1 Qxb1+ 41. Kg2 Qb6 42. Nd2 Kh7 43. Ne4 Bf5 44. Nd2 Qa7 45. Nf3 Qa3 46. Nxe5 Qxc3 47. Nxg4 Qxd3 48. Qxd3 Bxd3 49. d6 Bf5 50. Ne3 Be5 51. Kf3 Bxd6 52. g4 Be6 53. Ke4 Kg7 54. Kd3 Kf6 55. Ke4 Kg5 56. Kf3 Bb8 57. Ke4 Bxg4 58. Nd5 h5 59. Nc3 h4 60. Ke3 h3 61. Ne4+ Kh4 62. Kf2 h2 63. Kg2 h1Q+ 64. Kxh1 Bf3+ 65. Kg1 Bxe4 66. Kf2 Bd3 67. Ke3 Bxc4 68. Ke4 Be6 69. Kd3 Bd6 70. Ke4 g5 71. Kf3 g4+ 72. Kg2 c4 73. Kf2 Bc5+ 74. Kf1 Bf5 75. Kg2 Bd3 76. Kh2 Bf1 77. Kh1 c3 78. Kh2 c2 79. Kh1 c1N 80. Kh2 Bd4 81. Kh1 Ne2 82. Kh2 g3+ 83. Kh1 g2+ 84. Kh2 Bg1# 0-1

[Event "EU-ch 10th"]
[Site "Budva"]
[Date "2009.03.08"]
[Round "3"]
[White "Papadopoulos, Ioannis K"]
[Black "Franciskovic, Borka"]
[Result "1-0"]
[WhiteElo "2455"]
[BlackElo "2260"]
[PlyCount "103"]
[EventDate "2009.03.06"]
[EventType "swiss"]
[EventRounds "11"]
[EventCountry "MNE"]
[SourceTitle "CBM 130"]
[Source "ChessBase"]
[SourceDate "2009.05.20"]
[SourceVersion "1"]
[SourceVersionDate "2009.05.20"]
[SourceQuality "1"]

1. e4 c6 2. d4 d5 3. Nc3 dxe4 4. Nxe4 Bf5 5. Ng3 Bg6 6. h4 h6 7. Nf3 Nd7 8. h5 Bh7 9. Bd3 Bxd3 10. Qxd3 e6 11. Bd2 Ngf6 12. 0-0-0 Be7 13. Ne4 0-0 14. Kb1 c5 15. Be3 Qc7 16. dxc5 Rfd8 17. Nxf6+ Nxf6 18. Qc4 Nd5 19. Bd4 Rac8 20. c3 Bxc5 21. Qxc5 Qxc5 22. Bxc5 Rxc5 23. Rd4 Rdc8 24. Re1 Nf6 25. g4 Rc4 26. Rxc4 Rxc4 27. Ne5 Re4 28. Rxe4 Nxe4 29. f3 Ng5 30. Kc2 f6 31. f4 Ne4 32. Nc4 Kf8 33. Ne3 Ke7 34. Kd3 Nf2+ 35. Kd4 Kd6 36. a4 b6 37. b4 Nh3 38. Nc4+ Kc6 39. b5+ Kd7 40. Ke3 Kc7 41. Kf3 Ng1+ 42. Kf2 Nh3+ 43. Ke3 Ng1 44. Nb2 Kd6 45. Nd3 Kd5 46. Nb4+ Kc4 47. Nc6 Kxc3 48. a5 Kc4 49. Nxa7 Kc5 50. a6 Kd6 51. Nc6 Kc7 52. Nd8 1-0

[Event "GRE-ch 58th"]
[Site "Rhodes"]
[Date "2008.12.04"]
[Round "5"]
[White "Papadopoulos, Ioannis K"]
[Black "Banikas, Hristos"]
[Result "1/2-1/2"]
[WhiteElo "2452"]
[BlackElo "2572"]
[PlyCount "66"]
[EventDate "2008.11.30"]
[EventType "tourn"]
[EventRounds "11"]
[EventCountry "GRE"]
[EventCategory "8"]
[SourceTitle "CBM 127 Extra"]
[Source "ChessBase"]
[SourceDate "2009.01.08"]
[SourceVersion "2"]
[SourceVersionDate "2009.01.28"]
[SourceQuality "1"]

1. e4 c5 2. Nf3 d6 3. d4 cxd4 4. Nxd4 Nf6 5. Nc3 a6 6. Be2 e5 7. Nb3 Be7 8. 0-0 0-0 9. Re1 Nc6 10. Bf1 Bg4 11. f3 Be6 12. Nd5 Bxd5 13. exd5 Nb4 14. c4 b5 15. a3 bxc4 16. axb4 cxb3 17. Qxb3 Qb6+ 18. Be3 Qb7 19. Bc4 Rfb8 20. Ra3 Qxb4 21. Qxb4 Rxb4 22. b3 Bd8 23. Kf1 Bb6 24. Bd2 Bc5 25. Rea1 Rb6 26. Ra4 h6 27. Bc3 Rab8 28. Rxa6 Rxb3 29. Bxb3 Rxb3 30. Be1 Nxd5 31. Bf2 Bxf2 32. Kxf2 Rb2+ 33. Kg1 Ne3 1/2-1/2

[Event "GRE-ch 58th"]
[Site "Rhodes"]
[Date "2008.12.03"]
[Round "4"]
[White "Kotronias, Vasilios"]
[Black "Papadopoulos, Ioannis K"]
[Result "1-0"]
[WhiteElo "2587"]
[BlackElo "2452"]
[PlyCount "63"]
[EventDate "2008.11.30"]
[EventType "tourn"]
[EventRounds "11"]
[EventCountry "GRE"]
[EventCategory "8"]
[SourceTitle "CBM 127 Extra"]
[Source "ChessBase"]
[SourceDate "2009.01.08"]
[SourceVersion "2"]
[SourceVersionDate "2009.01.28"]
[SourceQuality "1"]

1. e4 c5 2. Nf3 Nc6 3. d4 cxd4 4. Nxd4 Nf6 5. Nc3 e5 6. Ndb5 d6 7. Bg5 a6 8. Na3 b5 9. Bxf6 gxf6 10. Nd5 f5 11. Bd3 Be6 12. c3 Bg7 13. Nxb5 axb5 14. Bxb5 Bd7 15. exf5 0-0 16. 0-0 e4 17. a4 Re8 18. Qg4 Kh8 19. Rad1 Re5 20. Ne3 Qf6 21. Qh5 Ra7 22. f4 Re8 23. Kh1 Ne7 24. g4 d5 25. g5 Qb6 26. Bxd7 Rxd7 27. f6 Kg8 28. Qh3 Qc6 29. fxg7 d4 30. cxd4 Nd5 31. f5 Rb7 32. g6 1-0

[Event "Wch U20"]
[Site "Gaziantep"]
[Date "2008.08.11"]
[Round "9"]
[White "Papadopoulos, Ioannis K"]
[Black "Vishnu, Prasanna V"]
[Result "1/2-1/2"]
[WhiteElo "2490"]
[BlackElo "2341"]
[PlyCount "29"]
[EventDate "2008.08.03"]
[EventType "swiss"]
[EventRounds "13"]
[EventCountry "TUR"]
[SourceTitle "CBM 125 Extra"]
[Source "ChessBase"]
[SourceDate "2008.09.01"]
[SourceVersion "1"]
[SourceVersionDate "2008.09.01"]
[SourceQuality "1"]

1. e4 c5 2. b3 Nc6 3. Bb2 Nf6 4. e5 Nd5 5. Bb5 Nc7 6. Bxc6 dxc6 7. Nc3 g6 8. d3 Bg7 9. Ne4 b6 10. Qd2 Ne6 11. f4 f5 12. exf6 exf6 13. 0-0-0 Nd4 14. c3 Nb5 15. Ng3 1/2-1/2

[Event "Wch U20"]
[Site "Gaziantep"]
[Date "2008.08.07"]
[Round "6"]
[White "Papadopoulos, Ioannis K"]
[Black "Anton, Teodor"]
[Result "1-0"]
[WhiteElo "2490"]
[BlackElo "2353"]
[PlyCount "79"]
[EventDate "2008.08.03"]
[EventType "swiss"]
[EventRounds "13"]
[EventCountry "TUR"]
[SourceTitle "CBM 125 Extra"]
[Source "ChessBase"]
[SourceDate "2008.09.01"]
[SourceVersion "1"]
[SourceVersionDate "2008.09.01"]
[SourceQuality "1"]

1. d4 Nf6 2. c4 e6 3. Nf3 Bb4+ 4. Nbd2 b6 5. e3 Bb7 6. Bd3 Ne4 7. 0-0 Bxd2 8. Nxd2 Nxd2 9. Bxd2 d6 10. e4 Nc6 11. d5 Ne5 12. Be2 Nd7 13. f4 Qe7 14. Bf3 c5 15. Bc3 e5 16. Qd2 f6 17. f5 g6 18. Qf2 Kf7 19. Bd2 g5 20. Bh5+ Kg7 21. h4 h6 22. Rac1 a5 23. Qg3 Kf8 24. Kf2 Ba6 25. Rh1 Qg7 26. Rh3 Ke7 27. a4 Ra7 28. b3 Nf8 29. Rch1 Kd8 30. hxg5 hxg5 31. Bg6 Rxh3 32. Qxh3 Re7 33. Qh8 Kd7 34. Rh6 Bc8 35. Kg3 Kc7 36. Bh5 Nd7 37. Qxg7 Rxg7 38. Rh8 Nb8 39. Rh6 Nd7 40. Be8 1-0